Effects of HPH processing at 400 MPa on proteins of liquid egg products
In food preservation technologies there are pursuits to apply minimal processing technologies which don’t influence product quality attributes like protein structure. High hydrostatic pressure (HHP) is one of the minimal processing technologies. The effect of high hydrostatic pressure (HHP) was stud...
Elmentve itt :
| Szerzők: | |
|---|---|
| Dokumentumtípus: | Cikk |
| Megjelent: |
University of Szeged Faculty of Agriculture
Hódmezővásárhely
2016
|
| Sorozat: | Review on agriculture and rural development
5 No. 1-2 |
| Kulcsszavak: | Tojás - élelmiszer-higiénia, Tojás feldolgozása, Tojástermelés |
| Tárgyszavak: | |
| Online Access: | http://acta.bibl.u-szeged.hu/48057 |
| LEADER | 01911nab a2200289 i 4500 | ||
|---|---|---|---|
| 001 | acta48057 | ||
| 005 | 20240412140754.0 | ||
| 008 | 170711s2016 hu o 0|| eng d | ||
| 022 | |a 2063-4803 | ||
| 040 | |a SZTE Egyetemi Kiadványok Repozitórium |b hun | ||
| 041 | |a eng | ||
| 100 | 1 | |a Tóth Adrienn | |
| 245 | 1 | 0 | |a Effects of HPH processing at 400 MPa on proteins of liquid egg products |h [elektronikus dokumentum] / |c Tóth Adrienn |
| 260 | |a University of Szeged Faculty of Agriculture |b Hódmezővásárhely |c 2016 | ||
| 300 | |a 153-157 | ||
| 490 | 0 | |a Review on agriculture and rural development |v 5 No. 1-2 | |
| 520 | 3 | |a In food preservation technologies there are pursuits to apply minimal processing technologies which don’t influence product quality attributes like protein structure. High hydrostatic pressure (HHP) is one of the minimal processing technologies. The effect of high hydrostatic pressure (HHP) was studied at 400 MPa 600 s on proteins of liquid egg products (egg yolk, LEY and whole egg, LWE). Thermo-physical, calorimetrical properties were examined on Micro DSC III (differential scanning calorimeter). Our result show that whole egg’s proteins are not desaturated by HHP, but 40% of egg yolk’s proteins had denaturation caused by processing. Aggregation and separation of protein groups can be observed by both products. Changes in protein structures caused texture modifications. | |
| 650 | 4 | |a Műszaki és technológiai tudományok | |
| 650 | 4 | |a Egyéb műszaki tudományok és technológiák | |
| 695 | |a Tojás - élelmiszer-higiénia, Tojás feldolgozása, Tojástermelés | ||
| 700 | 0 | 1 | |a Németh Csaba |e aut |
| 700 | 0 | 1 | |a Juhász Réka |e aut |
| 700 | 0 | 1 | |a Zeke Ildikó |e aut |
| 700 | 0 | 1 | |a Csehi Barbara |e aut |
| 700 | 0 | 1 | |a Bényi Dóra |e aut |
| 700 | 0 | 1 | |a Friedrich László |e aut |
| 856 | 4 | 0 | |u http://acta.bibl.u-szeged.hu/48057/1/review_2016_001_002_153-157.pdf |z Dokumentum-elérés |